[Event "4NCL Online Division 7"]
[Site "online"]
[Date "2021.04.20"]
[EventDate "2021.04.20"]
[Round "7.364"]
[White "Platt, Bella"]
[WhiteElo "754"]
[WhiteTeam "Downend & Fishponds 3"]
[Black "Richards, Toby"]
[BlackElo "750"]
[BlackTeam "Wantage C"]
[Result "1-0"]
[PlyCount "68"]

1. e4 e5 2. Nf3 Nc6 3. Bc4 Nf6 4. Nc3 Bb4 5. O-O Bxc3 6. dxc3 Nxe4 7. Bg5 f6 8. Be3 d6 9. Nd2 Qd7 10. Nxe4 Rf8 11. Qh5+ Rf7 12. Bxf7+ Ke7 13. Bc4 b6 14. Qf7+ Kd8 15. Qf8+ Qe8 16. Qxe8+ Kxe8 17. Bd5 Bb7 18. g4 Rd8 19. f3 Ne7 20. Bxb7 Kd7 21. c4 c6 22. Ba6 d5 23. Nc3 dxc4 24. Rad1+ Ke6 25. Rxd8 Kf7 26. Bxc4+ Kg6 27. Re8 Nd5 28. Bxd5 c5 29. Be4+ Kf7 30. Rd8 h5 31. gxh5 g5 32. hxg6+ Ke6 33. Bd5+ Kf5 34. g7 e4 1-0